00741nam a22002057a 450000500170000001000130001702000220003003500130005203700160006504000120008108200160009310000260010924502010013526000450033630000280038149000280040950000210043765000390045865000380049720170124110202.0 aA-592387 c00.00a0070379998 aA-592387 bCen Lib/Ret aDPLbEN a001.64bNEW aNewcomer, Lawrence R. aSchaum's outline of theory and problems of programming with advanced structured COBOL with file processing, structured systems development, and interactive considerations /cby Lawrence R.Newcomer aNew YorkbMcGraw-Hill Book Companyc1987 a350p. :c24cm(Hb)bill. aSchaum's Outline Series aIncludes index  aFile processing (Computer science) aCOBOL (Computer program language)